书目信息 |
| 题名: |
装饰装修工程预决算快学快用
|
|
| 作者: | 周志华 , 装饰装修工程预决算快学快用编写组 主编 | |
| 分册: | ||
| 出版信息: | 北京 中国建材工业出版社 2014 |
|
| 页数: | 10,444页 | |
| 开本: | 21cm | |
| 丛书名: | ||
| 单 册: | ||
| 中图分类: | TU723.3 | |
| 科图分类: | ||
| 主题词: | 建筑装饰--建筑经济定额--基本知识 | |
| 电子资源: | ||
| ISBN: | 978-7-5160-0716-7 | |
| 000 | 01433nam0 2200265 450 | |
| 001 | 141447 | |
| 005 | 20141106163435.57 | |
| 010 | @a978-7-5160-0716-7@dCNY 42.00 | |
| 100 | @a20140926d2014 em y0chiy50 ea | |
| 101 | 0 | @achi |
| 102 | @aCN@b110000 | |
| 105 | @ay z 000yy | |
| 200 | 1 | @a装饰装修工程预决算快学快用@9zhuang shi zhuang xiu gong cheng yu jue suan kuai xue kuai yong@b专著@f装饰装修工程预决算快学快用编写组编@Fzhuang shi zhuang xiu gong cheng yu jue suan kuai xue kuai yong bian xie zu bian |
| 205 | @a2版 | |
| 210 | @a北京@c中国建材工业出版社@d2014 | |
| 215 | @a10,444页@d21cm | |
| 300 | @a工程预决算快学快用系列手册 | |
| 314 | @a主编取自编写组名单 | |
| 330 | @a本书根据《建设工程工程量清单计价规范、《房屋建筑与装饰工程工程量计算规范》和装饰装修工程预决算定额编写,介绍了装饰装修工程预决算编制的基础理论和方法。全书主要包括装饰装修工程预决算概论、装饰装修工程基础知识、装饰装修工程定额、工程单价的确定、装饰装修工程概预算的费用、装饰装修工程材料用量计算、装饰装修工程施工图预算编制与审查、《全统装饰定额》的应用与换算、装饰装修工程招标与投标、装饰装修工程竣工结算和竣工决算等内容。 | |
| 606 | 0 | @a建筑装饰@x建筑经济定额@x基本知识 |
| 690 | @aTU723.3@v5 | |
| 701 | 0 | @a周志华@9zhou zhi hua@c(女,@f1974-)@4主编 |
| 701 | 0 | @a装饰装修工程预决算快学快用编写组@Azhuang shi zhuang xiu gong cheng yu jue suan kuai xue kuai yong bian xie zu@4编 |
| 801 | 0 | @aCN@bZL@c20141106 |
| 905 | @a241430@dTU723.3@eZ9323=2 | |
| 装饰装修工程预决算快学快用/装饰装修工程预决算快学快用编写组编.-2版.-北京:中国建材工业出版社,2014 |
| 10,444页;21cm |
| 工程预决算快学快用系列手册 |
| ISBN 978-7-5160-0716-7:CNY 42.00 |
| 本书根据《建设工程工程量清单计价规范、《房屋建筑与装饰工程工程量计算规范》和装饰装修工程预决算定额编写,介绍了装饰装修工程预决算编制的基础理论和方法。全书主要包括装饰装修工程预决算概论、装饰装修工程基础知识、装饰装修工程定额、工程单价的确定、装饰装修工程概预算的费用、装饰装修工程材料用量计算、装饰装修工程施工图预算编制与审查、《全统装饰定额》的应用与换算、装饰装修工程招标与投标、装饰装修工程竣工结算和竣工决算等内容。 |
| ● |
| 相关链接 |
|
|
|
正题名:装饰装修工程预决算快学快用
索取号:TU723.3/Z9323=2
 
预约/预借
| 序号 | 登录号 | 条形码 | 馆藏地/架位号 | 状态 | 备注 |
| 1 | 0837957 | 208379574 | 建筑库201/201建筑库 105排5列2层/ [索取号:TU723.3/Z9323=2] | 在馆 | |
| 2 | 0837958 | 208379583 | 建筑库201/201建筑库 105排5列2层/ [索取号:TU723.3/Z9323=2] | 在馆 | |
| 3 | 0837959 | 208379592 | 建筑库201/201建筑库 105排5列2层/ [索取号:TU723.3/Z9323=2] | 在馆 |